| 000 | 00852cam a22002771a 4500 | ||
|---|---|---|---|
| 001 | 9148181 | ||
| 003 | OSt | ||
| 005 | 20140821162509.0 | ||
| 008 | 760915s2004 paua 001 0 eng | ||
| 010 | _a 07009100 | ||
| 020 | _a0-07-243891-6 | ||
| 040 | _cBMC | ||
| 082 | _a611.370 | ||
| 082 | _a612.07 | ||
| 100 | 1 |
_aMartin, Terry R. _924059 |
|
| 245 | 1 | 0 |
_aHuman anatomy physiology _b: laboratory manual _cTerry R. Martin ; [colaboradores, David Shier, Jackie Butler, Ricki Lewis] |
| 250 | _a10th ed | ||
| 260 |
_aBoston [etc.] _bMcGraw-Hill Higher Education _ccop. 2004 |
||
| 300 |
_aXII, 516 p. _bil. _c27 cm |
||
| 650 | 2 | 4 |
_aAnatomía humana _97938 _xEnseñanza |
| 650 | 2 | 4 |
_aFisiología humana _924058 _xEnseñanza |
| 700 | 1 |
_924060 _aShier, David |
|
| 700 | 1 |
_924061 _aButler, Jackie |
|
| 700 | 1 |
_924062 _aLewis, Ricki |
|
| 942 |
_2ddc _cBK |
||
| 999 |
_c13136 _d13136 |
||